00317nam a2200121Ia 4500008004100000041000800041082001400049100001800063245004500081260003300126300002900159365000700188240624s9999 xx 000 0 und d aeng a650.1 CHO aCHOPRA DEEPAK aSEVEN SPIRITUAL LAWS OF SUCCESS A PRACTI c2000aNew DelhibExcel Books ax, : 112 : p. : cm. ; 18 cRS